La indemnización por clientela en los contratos de agencia y concesión
Salvato in:
| Autore principale: | |
|---|---|
| Natura: | Libro |
| Lingua: | spagnolo |
| Pubblicazione: |
Madrid
Civitas
1998
|
| Edizione: | 2a. ed |
| Serie: | Monografías
|
| Soggetti: | |
| Tags: |
Aggiungi Tag
Nessun Tag, puoi essere il primo ad aggiungerne!!
|
MARC
| LEADER | 00000nam a2200000 a 4500 | ||
|---|---|---|---|
| 001 | UCP4763 | ||
| 003 | CL-VaPUC | ||
| 008 | 990813e19980000SP |||||||||||||||||spa|d | ||
| 082 | 0 | 4 | |a 346.07 |b MAR |2 21 |
| 100 | |a Martínez Sanz, Fernando |e autor |9 547257 | ||
| 245 | 1 | 3 | |a La indemnización por clientela en los contratos de agencia y concesión |
| 250 | |a 2a. ed | ||
| 300 | |a 409 p | ||
| 942 | |c BK | ||
| 945 | |d 19990813 00:00:00 |a vberengu | ||
| 260 | |a Madrid |b Civitas |c 1998 | ||
| 650 | 0 | |a Cesión de contratos |9 344928 | |
| 650 | 0 | |a Compensación |9 383183 | |
| 650 | 0 | |a Contrato |9 336601 | |
| 650 | 0 | |a Daño |9 383182 | |
| 650 | 0 | |a Empresa |9 350507 | |
| 650 | 7 | |a INDEMNIZACION DE PERJUICIOS |2 CL-VaPUC |9 357521 | |
| 583 | |a last modification |c 19990813 00:00:00 |k Rodrigo Vera | ||
| 490 | 0 | |a Monografías | |
| 999 | |c 282661 |d 282659 | ||
| 952 | |0 0 |1 0 |4 0 |6 346_070000000000000_MAR_1998 |7 0 |8 A |9 324726 |a BIBDER |b BIBDER |d 2019-11-20 |i 3489469 |o 346.07 MAR 1998 |p 3489469 |r 2023-01-25 |w 2019-11-20 |y BK |k DER | ||